000
00334nam a2200133Ia 4500
008
130318s9999 xx 000 0 und d
020
_a
8129700549
082
_a
570.2 BER/B
100
_a
Bergeron, Byan
245
_a
Bioinformatics computing
260
_b
Pearson Education
_a
New Delhi
_c
2003
300
_a
439
650
_a
BIOINFORMATICS
999
_c
683
_d
683